British Geography by Letter - S - Statistics

General Stats
  • This quiz has been taken 453 times
  • The average score is 15 of 20
Answer Stats
Hint Answer % Correct
Scottish island chain with ponies Shetland
93%
"Steel City" of Northern England Sheffield
89%
Birthplace of Shakespeare Stratford-upon-Avon
89%
London's tallest building, currently The {Shard}
88%
Longest river Severn
87%
Second biggest city in Wales Swansea
87%
Ancient druid worship site in England Stonehenge
85%
Royal forest that once covered much of Nottinghamshire Sherwood
83%
This cathedral was once the tallestbuilding in London St. Paul'sCathedral
82%
Slang for someone from Liverpool Scouser
79%
Where Scotland's most famousgolf course can be found St. Andrews
76%
Tallest mountain in Wales Snowdon
75%
English city on the river Trent Stoke
74%
Largest city in Hampshire Southampton
72%
Ancient Germanic tribe thatinvaded England Saxons
71%
Easternmost English county Suffolk
64%
Island where Napoleon died Saint Helena
62%
Highest mountain in England {Scafell} Pike
56%
Capital of the Falkland Islands Stanley
56%
Language spoken in the Scottish lowlands Scots
45%
No matching quizzes found
Score Distribution
Percent of People with Each Score
Percentile by Number Answered
Your Score History
You have not taken this quiz